000 00669nam a2200241Ia 4500
003 OSt
005 20220918110006.0
006 a|||||r|||| 00| 0
007 ta
008 220915b |||||||| |||| 00| 0 eng d
024 _a236132
037 _cReference Collections
040 _aARTS
_cARTS
_beng
041 _2eng
_aeng
082 _aRvMk, P5(RR)
100 _aClaeys Gregory Ed.
_95202
245 0 _aEncyclopedia of nineteenth - century thought
260 _aLondon
_bRoutledge
_c2005
300 _axvi, 549p.
650 _aPHILOSOPHY
942 _hRvMk, P5(RR)
_cREF
999 _c110613
_d110613